|
|
|
|
| LEADER |
01308pam a22002898a 4500 |
| 001 |
00045836 |
| 005 |
20201006161028.0 |
| 008 |
160128s2015 ||||||viesd |
| 020 |
# |
# |
|a 9786048047627
|c 96000
|
| 041 |
0 |
# |
|a vie
|
| 082 |
1 |
4 |
|a 370.959 7
|b S455M
|
| 245 |
1 |
0 |
|a Sống minh triết trong nền giáo dục chia sẻ qua sự chiêm nghiệm các biểu đạt: 1-2-3-4-5
|c Đặng Quốc Bảo, Phạm Minh Giản, Nguyễn Hoàng Nam,... [và những người khác]
|
| 260 |
# |
# |
|a Hà Nội
|b Thông tin và truyền thông
|c 2020
|
| 300 |
# |
# |
|a 175 tr
|c 21 cm.
|
| 504 |
# |
# |
|a Thư mục: tr. 173-175
|
| 653 |
# |
# |
|a Biểu đạt
|
| 653 |
# |
# |
|a Chia sẻ
|
| 653 |
# |
# |
|a Việt Nam
|
| 653 |
# |
# |
|a Sống minh triết
|
| 653 |
# |
# |
|a Giáo dục
|
| 700 |
1 |
# |
|a Hoàng, Đức Hoàn
|
| 700 |
1 |
# |
|a Nguyễn, Hoàng Nam
|
| 700 |
1 |
# |
|a Phạm, Minh xuân
|
| 700 |
1 |
# |
|a Phạm, Minh Giản
|
| 852 |
# |
# |
|j KM.0034578
|j KM.0034583
|j KM.0034581
|j KM.0034590
|j KM.0034504
|j KM.0034588
|j KM.0034586
|j KD.0027342
|j KM.0034587
|j KM.0034503
|j KM.0034579
|j KM.0034580
|j KM.0034584
|j KM.0034502
|j KM.0034505
|j KM.0034591
|j KM.0034506
|j KM.0034585
|j KM.0034589
|j KM.0034582
|
| 910 |
# |
# |
|d 06/10/2020
|
| 980 |
# |
# |
|a Trung tâm Học liệu Lê Vũ Hùng, Trường Đại học Đồng Tháp
|